000 00393nam a2200157Ia 4500
003 GCL
008 140319s9999 xx 000 0 eng d
040 _aGCL /
_cGCL
082 0 4 _a005.1
_bW M
100 1 _aWEISSKOPF, GENE
245 1 0 _aMURPHY'S LAWS OF PCS /
_cWEISSKOPF, GENE
260 _a[S.N] :
_bSYBEX INC. ،
_c1993
300 _a352
650 0 4 _aCOMPUTER SOFTWARE
942 _2ddc
_cBK
999 _c16526
_d16526